000 00501nam a2200169Ia 4500
003 GCL
008 140319s9999 xx 000 0 ara d
040 _aGCL /
_cGCL
082 0 4 _a251.1
_bا ر
100 1 _aاحمد محمد طاحون
245 1 0 _aرياض الصالحين ومنار السالكين /
_cاحمد محمد طاحون
260 _a[S.N] :
_bمكتبة التراث الاسلامى ،
_c1992
300 _a307 ص
490 _a
650 0 4 _aالاسلام
942 _2ddc
_cBK
999 _c40209
_d40209